000 00432nam a22001697a 4500
020 _a9789348132505
082 _aM 398.357 8
_bLEE/N
100 _aLeena M A
245 _aNadanpattum nasranippenperumayum/
_cby Leena M A
260 _aKozhikode:
_bAtma Books,
_c2025.
300 _a482p.
650 _aFolk song Christian
650 _aChristian Songs
650 _aFolk Literature
650 _aSocial Sciences
942 _cBK
999 _c181734
_d181734